000 00311nam a22001337a 4500
008 170302b xxu||||| |||| 00| 0 eng d
020 _a9781437716467
041 _aeng
080 _25 ED
_a616.073
100 _a6
101 _aSHM
245 _aRADIOLOGIC SCIENCES AND PATIENT CARE
_cADLER.A
942 _2udc
_cBK
999 _c6619
_d6619